Who operates the A330neo? - Statistics

General Stats
  • This quiz has been taken 106 times
  • The average score is 6 of 15
Answer Stats
Hint Answer % Correct
Operates 11 Delta Air Lines
90%
Operates 19 TAP Air Portugal
75%
Operates 2 Kuwait
57%
Operates 3 Garuda Indonesia
55%
Operates 2 Air Mauritius
47%
Operates 2 Uganda Airlines
43%
Operates 3 Corsair International
39%
Operates 4 Azul Brazilian Airlines
35%
Operates 2 Aircalin
33%
Operates 6 Lion Air
33%
Operates 1 Air Senegal
31%
Operates 2 Citilink
22%
Operates 1 Hi Fly
20%
Operates 2 Thai AirAsia X
8%
Operates 1 Orbest
4%
No matching quizzes found
Score Distribution
Percent of People with Each Score
Percentile by Number Answered
Your Score History
You have not taken this quiz